Rhetoriken Zwischen Recht und Literatur : Interdisziplinäre und Interkulturelle Zugänge.

Bibliographic Details
Main Author: Wagner-Egelhaaf, Martina.
Other Authors: Arnold, Stefan., Schnetter, Marcus., Heger, Gesine.
Format: eBook
Language:German
Published: Berlin, Heidelberg : J. B. Metzler'sche Verlagsbuchhandlung & Carl Ernst Poeschel GmbH, 2023.
Edition:1st ed.
Series:Literatur und Recht Series
Subjects:
Online Access:Click to View
LEADER 04652nam a22004453i 4500
001 EBC30666722
003 MiAaPQ
005 20231204023231.0
006 m o d |
007 cr cnu||||||||
008 231204s2023 xx o ||||0 ger d
020 |a 9783662669280  |q (electronic bk.) 
020 |z 9783662669273 
035 |a (MiAaPQ)EBC30666722 
035 |a (Au-PeEL)EBL30666722 
035 |a (OCoLC)1396696927 
040 |a MiAaPQ  |b eng  |e rda  |e pn  |c MiAaPQ  |d MiAaPQ 
050 4 |a PN1-6790 
100 1 |a Wagner-Egelhaaf, Martina. 
245 1 0 |a Rhetoriken Zwischen Recht und Literatur :  |b Interdisziplinäre und Interkulturelle Zugänge. 
250 |a 1st ed. 
264 1 |a Berlin, Heidelberg :  |b J. B. Metzler'sche Verlagsbuchhandlung & Carl Ernst Poeschel GmbH,  |c 2023. 
264 4 |c {copy}2023. 
300 |a 1 online resource (230 pages) 
336 |a text  |b txt  |2 rdacontent 
337 |a computer  |b c  |2 rdamedia 
338 |a online resource  |b cr  |2 rdacarrier 
490 1 |a Literatur und Recht Series ;  |v v.9 
505 0 |a Intro -- Inhaltsverzeichnis -- Autorenverzeichnis -- Einführung. Zu diesem Band -- Jenseits der Persuasion. Alternativen zum klassischen Modell -- 1 Rhetorik zwischen Intrinsik und Extrinsik -- 2 Das Paradigma der Epideiktik -- 3 Rhetorik als Theorie der Prosa -- 4 Rhetorik nach dem Ende der Rhetorik -- 5 Schluss - und in Deutschland? -- Literatur -- Fürsprache als rhetorische Sprechsituation und die Geschichte der Rhetorik -- 1 Zwei Sprechsituationen -- 2 Sprechsituation und Möglichkeit einer Geschichte der Rhetorik -- 2.1 Die Pathologie der rhetorischen Sprechsituation -- 2.2 Die Überbietung der rhetorischen Sprechsituation -- 2.3 Die kritische Umdeutung -- Literatur -- Rhetorik als Argumentationstheorie der römischen Juristen. Die antike Rhetorik im Spiegel der juristischen Romanistik -- 1 Zum Verhältnis von Romanistik und Rhetorik im 20. und 21. Jahrhundert -- 1.1 Rhetorik als Methode der interpretatio iuris: Johannes Stroux (1926 und 1949) -- 1.2 Viehwegs Topik in der Diskussion zum römischen Recht -- 1.3 Dieter Nörr (1931-2017) -- 2 Rhetorik als Voraussetzung der römischen Rechtsliteratur -- 2.1 Die Reintegration der Rechtsliteratur in die lateinische Literatur der Antike -- 2.2 Werkindividualität und Rhetorik: Das Beispiel Papinians -- 2.3 Rechtsliteratur als Rechtsproduktion: la ‚littérisation du droit' -- 3 Schlussfolgerungen -- Literatur -- Rhetorik in China. Han Feizi (ca. 280-233 v. Chr.) über Schwierigkeiten politischer Berater -- 1 Han Fei. Leben und Werk -- 2 „Shui nan" -- 3 „Nan yan" -- 4 Schluss -- Literatur -- Inventio und ars topica zwischen Rhetorik, Naturwissenschaft und Poetik -- 1 Inventio vs. Invention, Findung vs. Erfindung -- 2 Topik -- 3 Lichtenberg -- Literatur -- Warum wir die Kināya brauchen. Rhetorik jenseits von Eurozentrismus -- 1 Eine missachtete Rhetorik -- 2 Eine Theorie wird komplex. 
505 8 |a 3 Die Standardtheorie der arabischen Rhetorik -- 4 Referenzrhetorik -- 5 Die Kināya -- 6 Eduard Mörike: Denk es, o Seele! -- Literatur -- Kreative Unmittelbarkeit? Zur rhetorischen Textur von Goethes Frankfurter Hymnen -- 1 Zur Forderung nach einer „hertzrührenden Schreibart" und empathischen Deklamation -- 2 Vom Versuch, „Pindarn nachzueifern" -- 3 Über den Rückgriff des ‚Originalgenies' auf die Schulrhetorik -- Literatur -- Rhetoriken: Drei Stück -- 1 Sachlichkeit -- 2 Kampfrhetorik -- 3 Informale Prozessrhetorik -- 4 Am Ende -- Literatur -- Begründung und Geltung. Rhetorische Verflechtungen von Recht und Literatur -- 1 Begründung -- 2 Geltung -- Literatur -- Rhetorische Profile jüdischer Response der Gegenwart -- 1 Orthodoxe Responsa -- 2 Konservatives Judentum -- 3 Reformjudentum -- 4 Fazit -- Literatur -- Rhetoriken? Versuch einer kritischen Standortbestimmung und Reflexion -- Literatur. 
588 |a Description based on publisher supplied metadata and other sources. 
590 |a Electronic reproduction. Ann Arbor, Michigan : ProQuest Ebook Central, 2023. Available via World Wide Web. Access may be limited to ProQuest Ebook Central affiliated libraries.  
655 4 |a Electronic books. 
700 1 |a Arnold, Stefan. 
700 1 |a Schnetter, Marcus. 
700 1 |a Heger, Gesine. 
776 0 8 |i Print version:  |a Wagner-Egelhaaf, Martina  |t Rhetoriken Zwischen Recht und Literatur  |d Berlin, Heidelberg : J. B. Metzler'sche Verlagsbuchhandlung & Carl Ernst Poeschel GmbH,c2023  |z 9783662669273 
797 2 |a ProQuest (Firm) 
830 0 |a Literatur und Recht Series 
856 4 0 |u https://ebookcentral.proquest.com/lib/matrademy/detail.action?docID=30666722  |z Click to View